التوازن العسكري في الشرق الأوسط / (Record no. 26298)
[ view plain ]
| 000 -الفاتح | |
|---|---|
| حقل البيانات ثابتة الطول | 01355nam a22003015a 4500 |
| 003 - محدد رقم الضبط | |
| رقم الضبط | OSt |
| 005 - وقت وتاريخ اخر تعامل مع التسجيلة | |
| رقم الضبط | 20180314110257.0 |
| 008 - عناصر البيانات ثابتة الطول - معلومات عامة | |
| حقل البيانات ثابتة الطول | 180314s1984 jo grb 000 0 ara d |
| 017 ## - رقم الإيداع القانونى | |
| رقم الإيداع القانونى | 1984 / 6 / 274 |
| 040 ## - مصدر الفهرسة | |
| وكالة الفهرسة الأصلية | EG-ScBUE |
| لغة الفهرسة | ara |
| وكالة النسخ | EG-ScBUE |
| 041 1# - رمز اللغة | |
| رمز لغة النص/ المسارات الصوتية أو العنوان الانفرادي | ara |
| رمز لغة الترجمات و/او الاصلية المتوسطة للنص | und |
| 043 ## - رمز المنطقة الجغرافية | |
| رمز المنطقة الجغرافية | aw----- |
| 082 04 - رقم تصنيف ديوى العشرى | |
| رقم التصنيف | 355.0335056 |
| رقم المادة | ت و ا |
| رقم الطبعة | 22 |
| 110 2# - المدخل الرئيسى - إسم هيئة | |
| اسم الهيئة أو اسم السلطة كمدخل | جامعة تل أبيب. |
| وحده ملحقة | مركز الدراسات الاستراتيجية والدولية. |
| 245 02 - بيان العنوان | |
| العنوان | التوازن العسكري في الشرق الأوسط / |
| بيان المسئوليه,etc | إعداد مركز الدراسات الاستراتيجية والدولية بجامعة تل أبيب، مارك هيلر، دوف تماري، زئيف إيتان ؛ ترجمة نبيه الجزائري. |
| 250 ## - بيان الطبعة | |
| بيان الطبعة | ط. 1. |
| 260 ## - PUBLICATION, DISTRIBUTION, ETC. (IMPRINT) | |
| مكان الناشر او الموزع | عمان، الأردن : |
| اسم الناشر او الموزع | دار الجليل للنشر، |
| تاريخ النشر أو التوزيع | 1984. |
| 300 ## - الوصف المادى | |
| التعداد | 481 ص. : |
| تفاصيل ماديه اخرى للوعاء | إيض. ؛ |
| أبعاد الوعاء | 24 سم. |
| 504 ## - تبصرة ببليوجرافية | |
| تبصرة ببليوجرافية,الخ | يشتمل على إرجاعات ببليوجرافية. |
| 650 #7 - المدخل الاضافى بالموضوع-مصطلح موضوعى | |
| مصطلح موضوعي أو اسم جغرافي كعنصر مدخل | الأسلحة والتسليح |
| التقسيم الفرعي الجغرافي | الشرق الأوسط. |
| مصدر الرأس أو المصطلح | BUEsh |
| 650 #7 - المدخل الاضافى بالموضوع-مصطلح موضوعى | |
| مصطلح موضوعي أو اسم جغرافي كعنصر مدخل | النزاع العربي الإسرائيلي. |
| التقسيم الفرعي الجغرافي | BUEsh |
| 651 #7 - المدخل الاضافى بالموضوع - اسم جغرافى | |
| الاسم الجغرافي | الشرق الأوسط |
| التقسيم الفرعي العام | سياسة عسكرية. |
| مصدر الرأس أو المصطلح | BUEsh |
| 700 1# - المدخل الاضافى - اسم شخصى | |
| الإسم الشخصى | هيلر، مارك. |
| 700 1# - المدخل الاضافى - اسم شخصى | |
| الإسم الشخصى | تماري، دوف. |
| 700 1# - المدخل الاضافى - اسم شخصى | |
| الإسم الشخصى | إيتان، زئيف. |
| 700 1# - المدخل الاضافى - اسم شخصى | |
| الإسم الشخصى | جزائري، نبيه، |
| الدور | مترجم. |
| 942 ## - عناصر المدخل الإضافي( كوها) | |
| مصدر التصنيف او مخطط الترفيف | Dewey Decimal Classification |
| حالة التراجع | حالة الفقد | مصدر التصنيف او خطة الترفيف | حالة تلف | ليس للاعارة | مجموعات كوها | المكان الدائم | المكان الحالي | موقع الترفيف | تاريخ الاكتساب | Source of acquisition | رقم الاستدعاء | الباركود | Date last seen | نوع الوعاء |
|---|---|---|---|---|---|---|---|---|---|---|---|---|---|---|
| Dewey Decimal Classification | Alef-Baa | Central Library | Central Library | First floor | 14/03/2018 | Purchase | 355.0335056 ت و ا | 000043043 | 15/07/2025 | Book - Borrowing |